Batman Characters - Statistics

General Stats
  • This quiz has been taken 163 times
  • The average score is 30 of 102
Answer Stats
Answers % Correct
Batman
99%
Robin - Tim Drake
98%
Joker
97%
Alfred
90%
Bat Girl
90%
Night Wing
90%
Cat Woman
86%
Red Hood - Jason Todd
86%
Ace the Bat Hound
85%
Harley Quinn
84%
Penguin
84%
Riddler
84%
Poison Ivy
77%
Bane
76%
Two-Face
74%
Ra's al Ghul
70%
Scarecrow
70%
Clay Face
66%
Red Hood - Criminal
66%
Killer Croc
65%
Robin - Damian Wayne
64%
Talia al Ghul
59%
Man-Bat
58%
Bat Woman
57%
Jim Gordon
53%
Fire Fly
47%
Deadshot
45%
Mad Hatter
45%
Calendar Man
43%
Hugo Strange
43%
Hush
43%
Deathstroke
42%
Black Mask
41%
Killer Moth
35%
Spoiler
33%
Condiment King
30%
Professor Pyg
30%
Solomon Grundy
30%
Court of Owls
29%
Lucius Fox
29%
Mister Freeze
29%
Bat Wing
23%
Carmine Falcone
23%
Cat Man
21%
Ventriloquist
20%
Harvey Bullock
17%
Black Bat
16%
Clock King
15%
Lady Shiva
15%
Bat Mite
14%
Renee Montoya
14%
Kite Man
12%
Owl Man
12%
Rat Catcher
12%
Joe Chill
11%
KGBeast
11%
Anarky
10%
Bronze Tiger
10%
Phantasm
10%
Prometheus
10%
Great White Shark
9%
Maxie Zeus
9%
Polka Dot Man
9%
Egghead
8%
Batman Beyond
7%
Mr. Zsasz
7%
Sofia Falcone
7%
Tweedledee
7%
Tweedledum
7%
Blockbuster
6%
Calculator
6%
Deacon Blackfire
6%
Fire Bug
6%
Zebra Man
6%
Aaron Cash
5%
Crazy Quilt
5%
Gentlemen Ghost
5%
Amadeus Arkham
4%
Black Spider
4%
Dr. Phosphorus
4%
Eraser
4%
White Rabbit
4%
King Tut
3%
Lock Up
3%
Quincy Sharp
3%
She-Bat
3%
Book Worm
2%
Gillian Loeb
2%
Humpty Dumpty
2%
Silver Monkey
2%
Tiger Shark
2%
Ubu
2%
Mr. Bloom
1%
Onomatopoeia
1%
The Mime
1%
Zodiac Master
1%
Bay Doll
0%
Howard Branden
0%
Isabelle Falcone
0%
Mario Falcone
0%
Mayor Hill
0%
Rubert Thorne
0%
No matching quizzes found
Score Distribution
Percent of People with Each Score
Percentile by Number Answered
Your Score History
You have not taken this quiz